• 首页
  • 本馆介绍
  • 公告通知
  • 最新文献
  • 馆藏检索
  • 电子资源
  • 读者导购
  • 参考咨询
  • 我的图书馆
  • 登录
  • 详细信息显示
  • 放入我的书架
  • 预约/预借图书
  • 作者相关作品
  • 分类相关作品
  • 丛书相关作品
  • 出版社相关作品

书目信息

  • 表格格式
  • 工作单格式
  • 卡片格式
题名:
化工工艺制图
    
 
作者: 周大军 , 揭嘉 , 张亚涛 主编
分册:  
出版信息: 北京   化学工业出版社  2012.09
页数: 253页
开本: 26cm
丛书名:
单 册:
中图分类: TQ02 , TQ050.2
科图分类:
主题词: 化工过程--工艺学--高等教育--教材 , 化工机械--机械制图--高等教育--教材 , 化工过程 , 化工机械 , 机械制图
电子资源:
ISBN: 978-7-122-12573-6
000 01179nam0 2200337 450
001 003001499
005 20170418143308.56
010    @a978-7-122-12573-6@dCNY32.00
100    @a20120824d2012 em y0chiy50 ea
101 0  @achi
102    @aCN@b110000
105    @aak z 000yy
106    @ar
200 1  @a化工工艺制图@9hua gong gong yi zhi tu@f周大军,揭嘉,张亚涛主编
205    @a2版
210    @a北京@c化学工业出版社@d2012.09
215    @a253页@c图,折图@d26cm
300    @a普通高等教育规划教材
330    @a本书分为上篇、下篇。上篇为画法几何与机械制图基础,内容包括:视图与投影、三视图的绘制与阅读、几何作图;机械制图的国家标准、视图与视图选择;零件图和装配图的绘制;化工设备图等内容。下篇为化工工艺制图,内容包括工艺流程图、设备布置图和管路布置图等。
606 0  @a化工过程@x工艺学@x高等教育@j教材
606 0  @a化工机械@x机械制图@x高等教育@j教材
606 0  @a化工过程
606 0  @a化工机械
606 0  @a机械制图
690    @aTQ02@v5
690    @aTQ050.2@v5
701  0 @a周大军@9zhou da jun@4主编
701  0 @a揭嘉@9jie jia@4主编
701  0 @a张亚涛@9zhang ya tao@4主编
801  0 @aCN@bRENTIAN@c20120824
905    @b985026-29@dTQ02@e301=2@f4
    
    化工工艺制图/周大军,揭嘉,张亚涛主编.-2版.-北京:化学工业出版社,2012.09
    253页:图,折图;26cm
    普通高等教育规划教材
    
    ISBN 978-7-122-12573-6:CNY32.00
    本书分为上篇、下篇。上篇为画法几何与机械制图基础,内容包括:视图与投影、三视图的绘制与阅读、几何作图;机械制图的国家标准、视图与视图选择;零件图和装配图的绘制;化工设备图等内容。下篇为化工工艺制图,内容包括工艺流程图、设备布置图和管路布置图等。
●
相关链接 在E读中查询图书 在五车中查询图书 在当当中查询图书 在豆瓣中查询图书


正题名:化工工艺制图     索取号:TQ02/301=2         预约/预借

序号 登录号 条形码 馆藏地/架位号 状态 备注
1 985026   209850268   第二样本阅览室/ [索取号:TQ02/301=2] 在馆    
2 985027   209850277   第三借阅区/ [索取号:TQ02/301=2] 在馆    
3 985028   209850286   第三借阅区/ [索取号:TQ02/301=2] 在馆    
4 985029   209850295   第三借阅区/ [索取号:TQ02/301=2] 在馆    
唐山师范学院图书馆 欢迎您!
大连网信软件有限公司© 版权所有